000 01015nam a22002297a 4500
005 2011052506566.0
008 110525t xxu||||| |||| 00| 0 mar d
010 _aMAR-20889
020 _c170.00
035 _aMR-13547
037 _bDBAD / PUB
040 _aDPL
_bMR
082 _a792.02
100 _aडहाके,संजय
_928233
245 _aरंगयात्री निळू फुले /
_cसंजय डहाके
246 _aRangyatri Neelu Phule
_bby Sanjay Dahake
260 _aमुंबई
_bआमोद प्रकाशन
_c2009
270 _a58,गोयल ट्रेड सेंटर, बोरिवली (पूर्व)
_bमुंबई
_e400066
300 _a170पृ.
_c21 सेमी (अजिल्द)
942 _2ddc
_cMR
_mफुलेनि
_h792.02
999 _c52594
_d52594